00467nam a2200109Ia 4500008004100000050002400041100002200065245013400087260008600221300002000307521003000327140724s9999 xx 000 0 und d aHD 58.8b.L795 2009 aLo, Peter John L. aEffectiveness of employees hired through walk-in recruitment and placement practice at selected institutions /cPeter John L. Lo. aLas Piñas, Philippines :bSouthville International School and Colleges,cc2009. a47 p. :c28 cm. aHuman Resource Management